| 000 | 01297nam a22003374a 4500 | ||
|---|---|---|---|
| 001 | ebr10023676 | ||
| 003 | CaPaEBR | ||
| 006 | m u | ||
| 007 | cr cn||||||||| | ||
| 008 | 020129s2002 dcua sb i001 0 eng | ||
| 010 | _z 2002016816 | ||
| 020 | _z0821350951 | ||
| 040 |
_aCaPaEBR _cCaPaEBR |
||
| 035 | _a(OCoLC)52474355 | ||
| 050 | 1 | 4 |
_aHG3881.5.W57 _bC478 2002eb |
| 082 | 0 | 4 |
_a351 _221 |
| 245 | 0 | 0 |
_aCivil service reform _h[electronic resource] : _bstrengthening World Bank and IMF collaboration. |
| 260 |
_aWashington, D.C. : _bThe World Bank, _cc2002. |
||
| 300 |
_axii, 84 p. : _bill. |
||
| 490 | 1 | _aDirections in development | |
| 504 | _aIncludes bibliographical references (p. 78-80) and index. | ||
| 533 |
_aElectronic reproduction. _bPalo Alto, Calif. : _cebrary, _d2013. _nAvailable via World Wide Web. _nAccess may be limited to ebrary affiliated libraries. |
||
| 610 | 2 | 0 | _aInternational Monetary Fund. |
| 610 | 2 | 0 | _aWorld Bank. |
| 650 | 0 | _aInternational finance. | |
| 650 | 0 | _aDevelopment banks. | |
| 655 | 7 |
_aElectronic books. _2local |
|
| 710 | 2 | _aebrary, Inc. | |
| 830 | 0 | _aDirections in development (Washington, D.C.) | |
| 856 | 4 | 0 |
_uhttp://site.ebrary.com/lib/rucke/Doc?id=10023676 _zAn electronic book accessible through the World Wide Web; click to view |
| 999 |
_c7872 _d7872 |
||